High-resolution X-ray spectroscopy : (Record no. 16488)

MARC details
000 -LEADER
fixed length control field 01167cam a2200325 i 4500
001 - CONTROL NUMBER
control field 16677971
003 - CONTROL NUMBER IDENTIFIER
control field EG-ScBUE
005 - DATE AND TIME OF LATEST TRANSACTION
control field 20241215093937.0
008 - FIXED-LENGTH DATA ELEMENTS--GENERAL INFORMATION
fixed length control field 110304s2011 nyu f 000 0 eng d
020 ## - INTERNATIONAL STANDARD BOOK NUMBER
International Standard Book Number 1441998837
020 ## - INTERNATIONAL STANDARD BOOK NUMBER
International Standard Book Number 9781441998835 (hard cover : alk. paper)
040 ## - CATALOGING SOURCE
Original cataloging agency DLC
Language of cataloging eng
Description conventions rda
Transcribing agency DLC
Modifying agency EG-ScBUE
082 04 - DEWEY DECIMAL CLASSIFICATION NUMBER
Edition number 22
Classification number 522.67
Item number HIG
245 00 - TITLE STATEMENT
Title High-resolution X-ray spectroscopy :
Remainder of title past, present and future /
Statement of responsibility, etc Jelle Kaastra, Frits Paerels, editors.
250 ## - EDITION STATEMENT
Edition statement First edition.
264 #1 - PUBLICATION, DISTRIBUTION, ETC. (IMPRINT)
Place of publication, distribution, etc New York :
Name of publisher, distributor, etc Springer,
Date of publication, distribution, etc 2011.
300 ## - PHYSICAL DESCRIPTION
Extent 277 pages :
Other physical details illustrations (some color) ;
Dimensions 24 cm
336 ## - CONTENT TYPE
Source rdacontent
Content type term text
Content type code txt
337 ## - MEDIA TYPE
Media type term unmediated
Source rdamedia
Media type code n
338 ## - CARRIER TYPE
Carrier type term volume
Carrier type code nc
Source rdacarrier
504 ## - BIBLIOGRAPHY, ETC. NOTE
Bibliography, etc Includes bibliographical references and index.
650 #7 - SUBJECT ADDED ENTRY--TOPICAL TERM
9 (RLIN) 28998
Topical term or geographic name as entry element X-ray spectroscopy.
Source of heading or term BUEsh
650 #7 - SUBJECT ADDED ENTRY--TOPICAL TERM
9 (RLIN) 28999
Topical term or geographic name as entry element High resolution spectroscopy.
Source of heading or term BUEsh
653 ## - INDEX TERM--UNCONTROLLED
Arrived date list February2012
655 ## - INDEX TERM--GENRE/FORM
Form subdivision Reading book
700 1# - ADDED ENTRY--PERSONAL NAME
9 (RLIN) 29000
Personal name Kaastra, Jelle Sjerp
Dates associated with a name 1957-
Relator term editor.
700 1# - ADDED ENTRY--PERSONAL NAME
9 (RLIN) 29001
Personal name Paerels, Frits,
Relator term editor.
942 ## - ADDED ENTRY ELEMENTS (KOHA)
Source of classification or shelving scheme Dewey Decimal Classification
Koha item type Book - Borrowing
Holdings
Withdrawn status Lost status Source of classification or shelving scheme Damaged status Not for loan Collection code Home library Current library Shelving location Date acquired Source of acquisition Cost, normal purchase price Serial Enumeration / chronology Total Checkouts Full call number Barcode Date last seen Price effective from Koha item type
    Dewey Decimal Classification     Alahram Central Library Central Library First floor 19/02/2012 Purchase 799.00 681   522.67 HIG 000026146 15/07/2025 19/02/2012 Book - Borrowing